Načítá se...

Indian Aesthetics /

Podrobná bibliografie
Hlavní autor: Pandey, Kanti Chandra
Médium: Printed Book
Jazyk:English
Vydáno: Chowkamba, 1959.
LEADER 00410nam a2200121Ia 4500
008 150624b xxu||||| |||| 00| 0 eng d
100 |a Pandey, Kanti Chandra 
245 |a Indian Aesthetics /  |c Kanti Chandra Pandey 
260 |b Chowkamba,  |c 1959. 
300 |a 756 p. 
942 |c BK 
999 |c 22542  |d 22542 
952 |0 1  |1 0  |4 0  |7 0  |9 22541  |a UL  |b UL  |c TR  |d 1998-09-01  |l 0  |p 33336  |r 2012-10-27  |w 2012-10-27  |y BK  |z Transferred to Dept. of Sanskrit